React native modules bakalárska práca

Gespeichert in:
Bibliographische Detailangaben
1. Verfasser: Duchlánsky, Roman
Körperschaft: Fakulta hospodárskej informatiky EU. Katedra aplikovanej informatiky
Weitere Verfasser: Kršjak, Miroslav
Format: Buch
Sprache:Slowakisch
Veröffentlicht: Bratislava 2018
Tags: Tag hinzufügen
Keine Tags, Fügen Sie das erste Tag hinzu!

MARC

LEADER 00000nbm a2200000 4500
001 0245190
005 20181015110145.1
041 0 |a slo 
044 |a SK 
245 1 0 |a React native modules  |b bakalárska práca  |c Roman Duchlánsky ; školiteľ: Miroslav Kršjak 
264 1 |a Bratislava  |c 2018 
300 |a 54 s. 
100 1 |a Duchlánsky, Roman 
700 1 |a Kršjak, Miroslav 
710 2 |a Fakulta hospodárskej informatiky EU. Katedra aplikovanej informatiky